Largest music venues in London - Statistics

General Stats
  • This quiz has been taken 42 times
  • The average score is 3 of 10
Answer Stats
Capacity Answer % Correct
20,000 The O2
94%
13,000 SSE Arena, Wembley
71%
5,000 O2 Academy Brixton
52%
10,000 Alexandra Palace
26%
2,300 O2 Forum Kentish Town
19%
10,000 Kensington Olympia
16%
1,500 KOKO
16%
3,300 Roundhouse
13%
2,000 O2 Sheperd's Bush Empire
3%
3,100 Troxy
3%
No matching quizzes found
Score Distribution
Percent of People with Each Score
Percentile by Number Answered
Your Score History
You have not taken this quiz